Distance Education in Futher Professional Training in Enterprises during Pandemic Period

Implementácia dištančného vzdelávania v ďalšom odbornom vzdelávaní v podnikoch a na základe empirického výskumu možné spôsoby zlepšenia možností vzdelávania. Dištančné vzdelávanie charakterizované z hľadiska jeho princípov a vývojových etáp. Obmedzenia osobného a profesionálneho života spôsobené pan...

ver descrição completa

Na minha lista:
Detalhes bibliográficos
Autor principal: Matulčíková, Marta, 1964-
Outros Autores: Breveníková, Daniela
Formato: Capítulo de Livro
Idioma:inglês
Assuntos:
Tags: Adicionar Tag
Sem tags, seja o primeiro a adicionar uma tag!

MARC

LEADER 00000naa$a2200000$$$4500
001 0272636
005 20240502083830.8
041 0 |a eng 
044 |a BG 
245 1 0 |a Distance Education in Futher Professional Training in Enterprises during Pandemic Period  |c Marta Matulčíková, Daniela Breveníková 
520 |a Implementácia dištančného vzdelávania v ďalšom odbornom vzdelávaní v podnikoch a na základe empirického výskumu možné spôsoby zlepšenia možností vzdelávania. Dištančné vzdelávanie charakterizované z hľadiska jeho princípov a vývojových etáp. Obmedzenia osobného a profesionálneho života spôsobené pandémiou COVID-19. 
610 2 0 |a koronavírus 
610 2 0 |a pandémia 
610 2 0 |a vzdelávanie dištančné 
610 2 0 |a vzdelávanie ďalšie 
100 1 |a Matulčíková, Marta, 1964- 
700 1 |a Breveníková, Daniela